000 00689nam a2200169 a 4500
008 080109s1960 ||||||||||||||||| || u
050 _aHD 47 Joh
100 _aJohnston, J
245 1 0 _aStatistical cost analysis
260 _aNew York
_bMcGraw-Hill
_c1960
300 _aix, 197p. : ill.
350 _a0.00
650 _aCOST ANALYSIS
650 3 _aP0PULATION STATISTICS
995 _aANNEX COLLECTION (Main Library)
_D0.00
_e710193
_FCBU-MAIN LIBRARY (Kitwe)
_H2
_I0.00
_jHD 47 Joh
_M2
_UAVAILABLE
_y003523
_ZAnnex Low-Usage Collection
995 _aMAIN LIBRARY OPEN ACCESS
_D0.00
_e710192
_FCBU-MAIN LIBRARY (Kitwe)
_H1
_I0.00
_jHD 47 Joh
_M1
_UAVAILABLE
_y003522
_ZMain Library Open Access Collection
999 _c76766
_d76766